000 00314nam a22001337a 4500
020 _a91-8205-254-8
082 _a634.9
_bGHO/D
100 _aGHOSH, AJAY KUMAR
245 _aACADEMIC DICTIONARY OF FORESTRY
260 _aDELHI
_bISHA BOOKS
_c2005
300 _a276
650 _aBIOLOGY REFERENCE
_zINDIA
942 _cBK
999 _c1400
_d1400